[Event "FRA-chT Top 16 GpB"]
[Site "Belfort"]
[Date "2025.05.26"]
[Round "5.5"]
[White "Bournel, Antoine"]
[Black "Maze, Sebastien"]
[Result "1-0"]
[WhiteElo "2423"]
[BlackElo "2548"]
[PlyCount "107"]
[EventDate "2025.05.22"]
[EventType "team-tourn"]
[EventRounds "7"]
[EventCountry "FRA"]
[SourceTitle "CB22_2025"]
[SourceDate "2025.05.28"]
[SourceVersion "1"]
[SourceVersionDate "2025.05.28"]
[SourceQuality "1"]
[WhiteTeam "Chalon"]
[BlackTeam "Asnieres"]
[WhiteTeamCountry "FRA"]
[BlackTeamCountry "FRA"]

1. e4 c5 2. Nf3 Nc6 3. d4 cxd4 4. Nxd4 g6 5. c4 Bg7 6. Be3 Nf6 7. Nc3 d6 8. Be2 Bd7 9. f3 0-0 10. Qd2 Nxd4 11. Bxd4 a5 12. 0-0-0 a4 13. a3 Be6 14. Kb1 Qa5 15. Qe3 Nd7 16. Nd5 Rfe8 17. Bxg7 Kxg7 18. h4 h6 19. f4 Bxd5 20. exd5 e5 21. f5 Qc5 22. Qh3 Nf6 23. fxg6 fxg6 24. h5 Qc8 25. g4 g5 26. Rhf1 Nd7 27. Qf3 Rf8 28. Qe4 Qe8 29. Bd3 Rh8 30. Qf5 Kg8 31. Rd2 Rd8 32. Bc2 Nc5 33. Qf6 e4 34. Qd4 Qe5 35. Qxe5 dxe5 36. d6 Kg7 37. Re1 Rhf8 38. Bxe4 Rf6 39. Bf5 Rfxd6 40. Rxd6 Rxd6 41. Rxe5 b6 42. Kc2 Kf6 43. Re2 Nb3 44. Kc3 Nd4 45. Rf2 Ke5 46. Bg6 b5 47. c5 Rd8 48. Kb4 Rb8 49. Rf7 Nc6+ 50. Kc3 b4+ 51. axb4 Rxb4 52. Rf5+ Ke6 53. Bf7+ Kd7 54. Bc4 1-0

[Event "FRA-chT Top 16 GpB"]
[Site "Belfort"]
[Date "2025.05.25"]
[Round "4.7"]
[White "Maze, Sebastien"]
[Black "Vallee, Louis"]
[Result "1-0"]
[WhiteElo "2548"]
[BlackElo "2253"]
[PlyCount "67"]
[EventDate "2025.05.22"]
[EventType "team-tourn"]
[EventRounds "7"]
[EventCountry "FRA"]
[SourceTitle "CB22_2025"]
[SourceDate "2025.05.28"]
[SourceVersion "1"]
[SourceVersionDate "2025.05.28"]
[SourceQuality "1"]
[WhiteTeam "Asnieres"]
[BlackTeam "Vandoeuvre"]
[WhiteTeamCountry "FRA"]
[BlackTeamCountry "FRA"]

1. Nf3 d5 2. g3 c5 3. Bg2 Nc6 4. d4 e6 5. 0-0 Nf6 6. c4 cxd4 7. Nxd4 Bc5 8. Nb3 Bb6 9. Nc3 d4 10. Nb5 a6 11. Bxc6+ bxc6 12. N5xd4 e5 13. Nc2 Qe7 14. Be3 c5 15. Bg5 Bh3 16. Ne3 Bxf1 17. Nd5 Qe6 18. Bxf6 gxf6 19. Kxf1 h5 20. e4 Rc8 21. Qf3 Bd8 22. h4 Qh3+ 23. Ke2 Qg4 24. Qxg4 hxg4 25. Nd2 Kd7 26. Nf1 Ke6 27. Nfe3 Rb8 28. b3 a5 29. Rd1 a4 30. Nf5 axb3 31. Nc3 Rb6 32. Na4 Rc6 33. Rd6+ Rxd6 34. Nxc5# 1-0

[Event "FRA-chT rapid"]
[Site "Cappelle la Grande"]
[Date "2025.04.20"]
[Round "10.1"]
[White "Maze, Sebastien"]
[Black "Maurizzi, Marc Andria"]
[Result "1/2-1/2"]
[WhiteElo "2549"]
[BlackElo "2605"]
[PlyCount "69"]
[EventDate "2025.04.19"]
[EventType "team-swiss (rapid)"]
[EventRounds "15"]
[EventCountry "FRA"]
[SourceTitle "CB17_2025"]
[SourceDate "2025.04.23"]
[SourceVersion "1"]
[SourceVersionDate "2025.04.23"]
[SourceQuality "1"]

1. e4 e6 2. d4 d5 3. Nc3 Nf6 4. Bg5 dxe4 5. Nxe4 Bd7 6. Nf3 Bc6 7. Bd3 Be7 8. Bxf6 Bxf6 9. c3 Nd7 10. Qe2 a5 11. 0-0-0 a4 12. a3 Be7 13. h4 Bxe4 14. Qxe4 c6 15. Ne5 Nxe5 16. dxe5 Qd5 17. Bc2 Qxe4 18. Bxe4 Bc5 19. Rhf1 Ke7 20. Kd2 Rhd8+ 21. Ke2 h5 22. Bc2 Rd5 23. f4 Bb6 24. Rxd5 cxd5 25. f5 Bc7 26. fxe6 Kxe6 27. Rf4 Ra6 28. Rb4 Rb6 29. Rxb6+ Bxb6 30. Bxa4 Kxe5 31. Bd7 Bd8 32. g3 g5 33. hxg5 Bxg5 34. a4 d4 35. cxd4+ 1/2-1/2

[Event "FRA-ch 97th"]
[Site "L'Alpe d'Huez"]
[Date "2024.08.19"]
[Round "2.4"]
[White "Moussard, Jules"]
[Black "Maze, Sebastien"]
[Result "1-0"]
[WhiteElo "2596"]
[BlackElo "2553"]
[PlyCount "69"]
[EventDate "2024.08.16"]
[EventType "k.o."]
[EventRounds "4"]
[EventCountry "FRA"]
[SourceTitle "CBM 221 Extra"]
[Source "ChessBase"]
[SourceDate "2024.09.30"]
[SourceVersion "1"]
[SourceVersionDate "2024.09.30"]
[SourceQuality "1"]

1. e4 c5 2. Nf3 Nc6 3. Bb5 e6 4. Bxc6 bxc6 5. d3 Qc7 6. Nc3 e5 7. 0-0 Nf6 8. Nh4 d6 9. f4 exf4 10. Bxf4 Be6 11. Qf3 Nd7 12. Nf5 Ne5 13. Qg3 f6 14. Ne2 g6 15. Ne3 Bg7 16. h4 0-0 17. h5 gxh5 18. Qh4 Qb6 19. Qxh5 Ng6 20. Bxd6 c4 21. Bc5 Qa5 22. Nd4 Bf7 23. b4 cxb3 24. axb3 Qc3 25. Bxf8 Bxf8 26. Ndf5 Ne5 27. Nh6+ Bxh6 28. Qxh6 Qd4 29. Qf4 Bg6 30. Rae1 Rf8 31. Kh1 Qc3 32. Ra1 Rf7 33. Qg3 Rg7 34. Ng4 Nxg4 35. Qb8+ 1-0

[Event "Quenza Rapid op 13th"]
[Site "Quenza"]
[Date "2024.07.07"]
[Round "2"]
[White "Cirina, Gianluca"]
[Black "Maze, Sebastien"]
[Result "0-1"]
[WhiteElo "1199"]
[BlackElo "2553"]
[PlyCount "62"]
[EventDate "2024.07.07"]
[EventType "swiss (rapid)"]
[EventRounds "9"]
[EventCountry "FRA"]
[SourceTitle "CBM 221 Extra"]
[Source "ChessBase"]
[SourceDate "2024.09.30"]
[SourceVersion "1"]
[SourceVersionDate "2024.09.30"]
[SourceQuality "1"]

1. c4 Nf6 2. Nc3 g6 3. d4 Bg7 4. g3 d6 5. Bg2 0-0 6. h3 c6 7. e4 e5 8. dxe5 dxe5 9. Qxd8 Rxd8 10. Nf3 Na6 11. Be3 Nb4 12. Ke2 Nc2 13. Rad1 Re8 14. Rd3 Nxe3 15. Kxe3 Nd7 16. Rhd1 Nc5 17. Rd8 Be6 18. Rxa8 Rxa8 19. b3 f6 20. Bf1 Bh6+ 21. Ke2 a5 22. Rd6 Kf7 23. Ke1 Ke7 24. Rd1 Na6 25. g4 Nb4 26. g5 Bxg5 27. Nxg5 fxg5 28. Ke2 Nc2 29. Na4 Nd4+ 30. Ke3 Rf8 31. Bg2 Bxh3 0-1

[Event "Quenza Rapid op 13th"]
[Site "Quenza"]
[Date "2024.07.07"]
[Round "9"]
[White "Maze, Sebastien"]
[Black "Lagarde, Maxime"]
[Result "1/2-1/2"]
[WhiteElo "2553"]
[BlackElo "2608"]
[PlyCount "89"]
[EventDate "2024.07.07"]
[EventType "swiss (rapid)"]
[EventRounds "9"]
[EventCountry "FRA"]
[SourceTitle "CBM 221 Extra"]
[Source "ChessBase"]
[SourceDate "2024.09.30"]
[SourceVersion "1"]
[SourceVersionDate "2024.09.30"]
[SourceQuality "1"]

1. e4 e5 2. Nf3 Nc6 3. Bb5 Nf6 4. 0-0 Nxe4 5. Re1 Nd6 6. Nxe5 Nxe5 7. Rxe5+ Be7 8. Bf1 0-0 9. d4 Bf6 10. Re1 Re8 11. Rxe8+ Nxe8 12. c3 d5 13. Bf4 c6 14. Bd3 Nd6 15. Nd2 Bf5 16. Bxf5 Nxf5 17. Qc2 g6 18. Re1 Qd7 19. Nf3 Re8 20. Qd1 Rxe1+ 21. Qxe1 Qe7 22. Qxe7 Bxe7 23. g4 Ng7 24. Kf1 Ne6 25. Be5 f6 26. Bb8 a6 27. Ne1 Kf7 28. Nd3 g5 29. h3 Kg6 30. f4 gxf4 31. Nxf4+ Nxf4 32. Bxf4 f5 33. Ke2 fxg4 34. hxg4 h6 35. b3 Bg5 36. Be5 Kf7 37. Kd3 Ke6 38. a4 b5 39. axb5 axb5 40. Bg3 Kd7 41. Be5 Ke6 42. Bg3 Kd7 43. Be5 Ke6 44. Bg3 Kd7 45. Be5 1/2-1/2

[Event "FRA-chT Top 16 Haute"]
[Site "Chartres"]
[Date "2024.06.07"]
[Round "2.31"]
[White "Maze, Sebastien"]
[Black "Milliet, Sophie"]
[Result "1-0"]
[WhiteElo "2561"]
[BlackElo "2379"]
[PlyCount "50"]
[EventDate "2024.06.06"]
[EventType "team-tourn"]
[EventRounds "4"]
[EventCountry "FRA"]
[SourceTitle "CBM 220 Extra"]
[Source "ChessBase"]
[SourceDate "2024.07.31"]
[SourceVersion "1"]
[SourceVersionDate "2024.07.31"]
[SourceQuality "1"]
[WhiteTeam "Bischwiller"]
[BlackTeam "Grasse Echecs"]
[WhiteTeamCountry "FRA"]
[BlackTeamCountry "FRA"]

1. c4 e6 2. Nf3 d5 3. e3 Nf6 4. b3 c5 5. Bb2 Nc6 6. cxd5 exd5 7. Bb5 Bd6 8. 0-0 Bg4 9. h3 Bh5 10. d4 cxd4 11. Bxc6+ bxc6 12. Qxd4 Bxf3 13. gxf3 Qd7 14. Qh4 Rg8 15. Rc1 Rc8 16. Kf1 g5 17. Qa4 Qxh3+ 18. Ke2 g4 19. Nd2 gxf3+ 20. Nxf3 Rg4 21. Qa6 Rg2 22. Bxf6 Rxf2+ 23. Kxf2 Qg3+ 24. Ke2 Qg2+ 25. Kd3 Qg6+ 1-0

[Event "Reykjavik op"]
[Site "Reykjavik"]
[Date "2024.03.21"]
[Round "9"]
[White "Maze, Sebastien"]
[Black "Kjartansson, Gudmundur"]
[Result "1/2-1/2"]
[WhiteElo "2551"]
[BlackElo "2465"]
[PlyCount "132"]
[EventDate "2024.03.15"]
[EventType "swiss"]
[EventRounds "9"]
[EventCountry "ISL"]
[SourceTitle "CBM 219 Extra"]
[Source "ChessBase"]
[SourceDate "2024.05.31"]
[SourceVersion "1"]
[SourceVersionDate "2024.05.31"]
[SourceQuality "1"]

1. e4 e5 2. Nf3 Nc6 3. Bb5 Nf6 4. 0-0 Nxe4 5. Re1 Nd6 6. Nxe5 Be7 7. Bf1 Nxe5 8. Rxe5 0-0 9. d4 Bf6 10. Re1 Re8 11. c3 Rxe1 12. Qxe1 Ne8 13. Bf4 d5 14. Nd2 Bf5 15. h3 Bg5 16. Qe3 Bxf4 17. Qxf4 Nd6 18. Re1 Qd7 19. g4 Bc2 20. Bg2 c6 21. Re3 h6 22. h4 f6 23. h5 Nf7 24. Nf1 Ng5 25. Re1 Bd3 26. Re3 Bxf1 27. Bxf1 Re8 28. Kg2 Re4 29. Rxe4 Nxe4 30. Bd3 Nd6 31. b3 b5 32. b4 Kf8 33. Bc2 Ke7 34. a4 bxa4 35. Bxa4 Kd8 36. Bc2 Kc7 37. Bd3 Qe6 38. Kf1 Kb6 39. f3 Qe7 40. Kf2 Qc7 41. Ke2 a6 42. Kd1 Nb5 43. Qxc7+ Nxc7 44. Bf5 a5 45. bxa5+ Kxa5 46. Kc2 c5 47. Bd7 cxd4 48. cxd4 Kb4 49. Kd3 Kb3 50. Bc6 Kb2 51. Bxd5 Nxd5 52. Ke4 Ne7 53. d5 f5+ 54. Ke5 fxg4 55. fxg4 Kc3 56. d6 Nc6+ 57. Ke6 Kd4 58. Kf7 Ke5 59. Kxg7 Kxd6 60. Kxh6 Ne5 61. g5 Nf7+ 62. Kg6 Ke7 63. h6 Nxg5 64. Kxg5 Kf7 65. h7 Kg7 66. Kh5 Kxh7 1/2-1/2

[Event "Reykjavik op"]
[Site "Reykjavik"]
[Date "2024.03.20"]
[Round "8"]
[White "Seemann, Jakub"]
[Black "Maze, Sebastien"]
[Result "0-1"]
[WhiteElo "2451"]
[BlackElo "2551"]
[PlyCount "104"]
[EventDate "2024.03.15"]
[EventType "swiss"]
[EventRounds "9"]
[EventCountry "ISL"]
[SourceTitle "CBM 219 Extra"]
[Source "ChessBase"]
[SourceDate "2024.05.31"]
[SourceVersion "1"]
[SourceVersionDate "2024.05.31"]
[SourceQuality "1"]

1. e4 c5 2. Nf3 Nc6 3. Bb5 e6 4. Bxc6 bxc6 5. d3 Ne7 6. Nbd2 Ng6 7. h4 h5 8. e5 f6 9. Qe2 Qc7 10. Nc4 Ba6 11. Qe4 Kf7 12. Bf4 Bxc4 13. dxc4 d5 14. exd6 Bxd6 15. Bxd6 Qxd6 16. Rd1 Qc7 17. 0-0 Rhd8 18. Rfe1 Nf8 19. g3 e5 20. c3 Kg8 21. Nd2 Rab8 22. b3 Qd7 23. Qe3 Qg4 24. Kh2 Rd6 25. Rc1 Rbd8 26. Ne4 Rd3 27. Qe2 Ne6 28. Rc2 a5 29. Rd2 Rxd2 30. Nxd2 Qxe2 31. Rxe2 Rd3 32. Ne4 f5 33. Nxc5 Nxc5 34. Rxe5 Ne4 35. Rxf5 Rd2 36. Rxa5 Rxf2+ 37. Kg1 Rb2 38. Rxh5 Rxa2 39. Re5 Nxc3 40. Rc5 Ne2+ 41. Kf2 Nc1+ 42. Ke3 Re2+ 43. Kf3 Re6 44. b4 Nd3 45. Rf5 Nxb4 46. Kf4 Nd3+ 47. Kg5 Re5 48. g4 Rxf5+ 49. Kxf5 Nb2 50. c5 Nd3 51. Ke6 Nxc5+ 52. Kd6 Nd3 0-1

[Event "Reykjavik op"]
[Site "Reykjavik"]
[Date "2024.03.18"]
[Round "5"]
[White "Maze, Sebastien"]
[Black "Thorhallsson, Throstur"]
[Result "1-0"]
[WhiteElo "2551"]
[BlackElo "2388"]
[PlyCount "109"]
[EventDate "2024.03.15"]
[EventType "swiss"]
[EventRounds "9"]
[EventCountry "ISL"]
[SourceTitle "CBM 219 Extra"]
[Source "ChessBase"]
[SourceDate "2024.05.31"]
[SourceVersion "1"]
[SourceVersionDate "2024.05.31"]
[SourceQuality "1"]

1. e4 c5 2. Nf3 d6 3. Bb5+ Nd7 4. a4 Ngf6 5. Nc3 e6 6. d4 cxd4 7. Qxd4 Be7 8. a5 a6 9. Be2 0-0 10. 0-0 h6 11. Rd1 Qc7 12. h3 Ne5 13. Nxe5 dxe5 14. Qe3 Bd7 15. Qg3 Kh7 16. Be3 Bc5 17. Bxc5 Qxc5 18. Qd3 Bc6 19. Qd6 Qxd6 20. Rxd6 Rfd8 21. Rad1 Rxd6 22. Rxd6 Kg8 23. f3 Kf8 24. Kf2 Ke7 25. Rd2 Rc8 26. Ke3 Ne8 27. Nb1 Nd6 28. b3 f5 29. Bd3 g5 30. c4 Rf8 31. Nc3 h5 32. b4 g4 33. hxg4 hxg4 34. c5 Nb5 35. Bxb5 f4+ 36. Ke2 gxf3+ 37. gxf3 axb5 38. Rd6 Rc8 39. Nd1 Rg8 40. Nf2 Rg1 41. a6 Ra1 42. axb7 Bxb7 43. Ng4 Ra2+ 44. Rd2 Ra4 45. Nxe5 Bc8 46. c6 Ra7 47. Ng6+ Kf6 48. Nxf4 Rc7 49. Rc2 Ke5 50. Nd3+ Kd4 51. Nc1 Ra7 52. Nb3+ Ke5 53. Na5 Rh7 54. Rd2 Rh2+ 55. Ke3 1-0

[Event "Reykjavik op"]
[Site "Reykjavik"]
[Date "2024.03.18"]
[Round "6"]
[White "Wadsworth, Matthew J"]
[Black "Maze, Sebastien"]
[Result "0-1"]
[WhiteElo "2450"]
[BlackElo "2551"]
[PlyCount "110"]
[EventDate "2024.03.15"]
[EventType "swiss"]
[EventRounds "9"]
[EventCountry "ISL"]
[SourceTitle "CBM 220 Extra"]
[Source "ChessBase"]
[SourceDate "2024.07.31"]
[SourceVersion "1"]
[SourceVersionDate "2024.07.31"]
[SourceQuality "1"]

1. d4 Nf6 2. c4 g6 3. Nf3 Bg7 4. g3 d6 5. Bg2 0-0 6. Nc3 Nbd7 7. 0-0 e5 8. e4 Re8 9. Re1 a6 10. b3 Rb8 11. d5 a5 12. a3 Ra8 13. Rb1 Nb6 14. Bf1 Bd7 15. h3 Qe7 16. Be3 Rec8 17. Nd2 Qf8 18. b4 axb4 19. axb4 Bh6 20. Qf3 Bxe3 21. Rxe3 Ne8 22. Nb3 Na4 23. c5 Ng7 24. cxd6 cxd6 25. Nxa4 Bxa4 26. Na5 f5 27. Bd3 Rc7 28. Ree1 Rf7 29. Nc4 fxe4 30. Qxe4 Bd7 31. Ra1 Rxa1 32. Rxa1 Bf5 33. Qe3 Bxd3 34. Qxd3 Rxf2 35. Rf1 Rxf1+ 36. Qxf1 Qd8 37. g4 Ne8 38. Qf2 Qc7 39. Nd2 Qc2 40. g5 Qd3 41. h4 Qxd5 42. Qe3 Kf7 43. Ne4 Qd4 44. Qxd4 exd4 45. Kf2 Ke6 46. Ke2 Kd5 47. Kd3 b5 48. Nf2 Ng7 49. Ng4 Nh5 50. Kd2 Kc4 51. Nf6 Ng3 52. Nxh7 Nf5 53. Nf8 Nxh4 54. Ne6 Nf3+ 55. Ke2 Ne5 0-1

[Event "Reykjavik op"]
[Site "Reykjavik"]
[Date "2024.03.17"]
[Round "4"]
[White "Garifullina, Leya"]
[Black "Maze, Sebastien"]
[Result "1/2-1/2"]
[WhiteElo "2413"]
[BlackElo "2551"]
[PlyCount "93"]
[EventDate "2024.03.15"]
[EventType "swiss"]
[EventRounds "9"]
[EventCountry "ISL"]
[SourceTitle "CBM 219 Extra"]
[Source "ChessBase"]
[SourceDate "2024.05.31"]
[SourceVersion "1"]
[SourceVersionDate "2024.05.31"]
[SourceQuality "1"]

1. e4 c5 2. Nf3 d6 3. d4 cxd4 4. Nxd4 Nf6 5. Nc3 a6 6. Be3 e5 7. Nb3 Be6 8. f3 h5 9. Qd2 Nbd7 10. 0-0-0 Rc8 11. Kb1 Be7 12. Bd3 Qc7 13. h3 h4 14. f4 Nb6 15. Rhe1 Nc4 16. Bxc4 Qxc4 17. f5 Bd7 18. Bg5 Bc6 19. Bxf6 gxf6 20. Qf2 Rg8 21. a3 Rg3 22. Re3 Rxe3 23. Qxe3 Bd8 24. Nd2 Qd4 25. Qxd4 exd4 26. Ne2 Bb6 27. Nc4 Bc5 28. Nxd4 Bxe4 29. Nxd6+ Bxd6 30. Re1 Kd7 31. Rxe4 Rg8 32. Rg4 Rh8 33. c4 Bg3 34. Nf3 Rh5 35. Rd4+ Kc7 36. Rd5 Rh8 37. Kc2 Re8 38. Kd1 Re4 39. b3 Re3 40. Kc2 Re2+ 41. Rd2 Re3 42. Kb2 a5 43. a4 Be5+ 44. Ka3 Bd6+ 45. Kb2 Be5+ 46. Ka3 Bd6+ 47. Kb2 1/2-1/2

[Event "Titled Tuesday intern op 30th Jan Late"]
[Site "Chess.com INT"]
[Date "2024.01.30"]
[Round "7"]
[White "Galaktionov, Artem"]
[Black "Maze, Sebastien"]
[Result "1-0"]
[WhiteElo "2305"]
[BlackElo "2551"]
[PlyCount "117"]
[EventDate "2024.01.30"]
[EventType "swiss (blitz)"]
[EventRounds "11"]
[EventCountry "USA"]
[SourceTitle "EXT 2025"]
[Source "ChessBase"]
[SourceDate "2024.10.14"]
[SourceVersion "1"]
[SourceVersionDate "2024.10.14"]
[SourceQuality "1"]

1. d4 Nf6 2. Nf3 g6 3. c4 Bg7 4. Nc3 d6 5. e4 0-0 6. Be2 Na6 7. 0-0 e5 8. Be3 c6 9. d5 Ng4 10. Bg5 f6 11. Bh4 c5 12. a3 h5 13. h3 Nh6 14. Ne1 Nf7 15. Nd3 Bh6 16. b4 b6 17. Qa4 Bd2 18. Qc2 Bxc3 19. Qxc3 g5 20. Bg3 h4 21. Bh2 f5 22. f3 Bd7 23. Nf2 Nh6 24. Bd3 g4 25. fxg4 fxg4 26. Qd2 Kh7 27. Nxg4 Bxg4 28. hxg4 Nxg4 29. Rxf8 Qxf8 30. Rf1 Qg7 31. Rf5 Qh6 32. Rf7+ Kg6 33. Qxh6+ Kxh6 34. Rd7 cxb4 35. Rxd6+ Kg5 36. axb4 Nxb4 37. Be2 Nc2 38. Bxg4 Kxg4 39. Bxe5 Ne3 40. Rg6+ Kh5 41. Rg7 Rf8 42. g3 Rf1+ 43. Kh2 Ng4+ 44. Kg2 Rf2+ 45. Kg1 h3 46. Rh7+ Kg6 47. Rxh3 Re2 48. Bf4 Rxe4 49. Rh4 Kf5 50. Rh5+ Kf6 51. d6 Rxc4 52. Rd5 Rc8 53. d7 Rd8 54. Bg5+ Ke6 55. Bxd8 Ne5 56. Bxb6 Nxd7 57. Rxd7 Kxd7 58. Bxa7 Ke6 59. Bf2 1-0

[Event "Titled Tuesday intern op 30th Jan Late"]
[Site "Chess.com INT"]
[Date "2024.01.30"]
[Round "6"]
[White "Kushko, Dmitriy"]
[Black "Maze, Sebastien"]
[Result "0-1"]
[WhiteElo "2445"]
[BlackElo "2551"]
[PlyCount "58"]
[EventDate "2024.01.30"]
[EventType "swiss (blitz)"]
[EventRounds "11"]
[EventCountry "USA"]
[SourceTitle "EXT 2025"]
[Source "ChessBase"]
[SourceDate "2024.10.14"]
[SourceVersion "1"]
[SourceVersionDate "2024.10.14"]
[SourceQuality "1"]

1. Nf3 Nf6 2. c4 g6 3. g3 Bg7 4. Bg2 0-0 5. 0-0 d6 6. Nc3 c6 7. d3 d5 8. Be3 dxc4 9. dxc4 Qxd1 10. Rfxd1 Na6 11. h3 Be6 12. b3 h6 13. Nd4 Bd7 14. g4 Rfd8 15. f4 Bxg4 16. Nxc6 bxc6 17. Bxc6 Rab8 18. Bxa7 Bxh3 19. Bxb8 Rxb8 20. e4 Nb4 21. Bb5 Nh5 22. a3 Bxc3 23. axb4 Bxb4 24. f5 g5 25. Kh2 g4 26. Ra7 Nf4 27. Kg3 Ne2+ 28. Kf2 Nc3 29. Rd4 Bc5 0-1

[Event "Titled Tuesday intern op 30th Jan Late"]
[Site "Chess.com INT"]
[Date "2024.01.30"]
[Round "5"]
[White "Maze, Sebastien"]
[Black "Ibarra Jerez, Jose Carlos"]
[Result "1/2-1/2"]
[WhiteElo "2551"]
[BlackElo "2559"]
[PlyCount "183"]
[EventDate "2024.01.30"]
[EventType "swiss (blitz)"]
[EventRounds "11"]
[EventCountry "USA"]
[SourceTitle "EXT 2025"]
[Source "ChessBase"]
[SourceDate "2024.10.14"]
[SourceVersion "1"]
[SourceVersionDate "2024.10.14"]
[SourceQuality "1"]

1. e4 c5 2. Nf3 Nc6 3. Bb5 e6 4. Bxc6 bxc6 5. d3 Qc7 6. Qe2 e5 7. 0-0 Ne7 8. Nh4 Ng6 9. Nf5 f6 10. Nd2 Nf4 11. Qf3 g6 12. Ne3 Be7 13. g3 Ne6 14. h4 h5 15. Ndc4 d6 16. b3 Nd4 17. Qd1 Bh3 18. Re1 Qd7 19. c3 Nb5 20. Bd2 d5 21. Na5 d4 22. cxd4 cxd4 23. Nec4 g5 24. Kh2 Bg4 25. f3 Be6 26. Rg1 gxh4 27. gxh4 0-0-0 28. Rc1 Nc3 29. Qe1 Rhg8 30. Bxc3 Rxg1 31. Qxg1 dxc3 32. Rxc3 Bb4 33. Rc2 Qxd3 34. Qf2 Bc5 35. Qe2 Qxe2+ 36. Rxe2 Kc7 37. Ne3 Rd3 38. Nac4 Bxc4 39. Nxc4 Rxf3 40. Kg2 Rf4 41. Kg3 Rg4+ 42. Kh3 Bd4 43. Nd2 Rf4 44. Kg3 a5 45. Nf3 Bc5 46. Re1 Kb6 47. Re2 Bb4 48. Kg2 Kb5 49. Kg3 a4 50. Kg2 a3 51. Kg3 c5 52. Kg2 c4 53. bxc4+ Kxc4 54. Re3 Bc5 55. Rb3 Rxe4 56. Nd2+ Kd5 57. Nxe4 Kxe4 58. Rc3 Kd5 59. Rd3+ Ke4 60. Rd8 f5 61. Rh8 f4 62. Rxh5 Bd4 63. Kf1 f3 64. Rh8 Kf4 65. h5 e4 66. Rf8+ Kg5 67. h6 Kg4 68. Rg8+ Kf4 69. h7 e3 70. h8Q e2+ 71. Ke1 Bxh8 72. Rxh8 Ke3 73. Re8+ Kd3 74. Kf2 Kc2 75. Rb8 Kd1 76. Re8 Kd2 77. Re3 Kd1 78. Kxf3 e1Q 79. Rxe1+ Kxe1 80. Ke3 Kf1 81. Kd2 Kf2 82. Kc3 Ke3 83. Kb3 Kd4 84. Kxa3 Kc5 85. Ka4 Kb6 86. Kb4 Ka7 87. a4 Ka8 88. a5 Ka7 89. Kb5 Ka8 90. Kb6 Kb8 91. a6 Ka8 92. a7 1/2-1/2

[Event "Titled Tuesday intern op 30th Jan Late"]
[Site "Chess.com INT"]
[Date "2024.01.30"]
[Round "9"]
[White "Paveto, Kevin"]
[Black "Maze, Sebastien"]
[Result "1-0"]
[WhiteElo "2407"]
[BlackElo "2551"]
[PlyCount "127"]
[EventDate "2024.01.30"]
[EventType "swiss (blitz)"]
[EventRounds "11"]
[EventCountry "USA"]
[SourceTitle "EXT 2025"]
[Source "ChessBase"]
[SourceDate "2024.10.14"]
[SourceVersion "1"]
[SourceVersionDate "2024.10.14"]
[SourceQuality "1"]

1. e4 c5 2. Nf3 Nc6 3. d4 cxd4 4. Nxd4 g6 5. c4 Bg7 6. Be3 Nf6 7. Nc3 0-0 8. Be2 d6 9. 0-0 Bd7 10. h3 Nxd4 11. Bxd4 Bc6 12. Qc2 a5 13. Rad1 Qc7 14. a4 Nd7 15. Bxg7 Kxg7 16. Nd5 Qd8 17. Rfe1 Nc5 18. Nc3 f6 19. Bf1 Qb6 20. Nb5 Rac8 21. Re3 Nd7 22. Nc3 Nc5 23. Nd5 Qd8 24. b3 e5 25. Nc3 Qb6 26. Nd5 Bxd5 27. Rxd5 h5 28. h4 Ne6 29. Qd2 Nc5 30. Rxd6 Qc7 31. Rd5 Rfd8 32. g3 Rxd5 33. exd5 b6 34. d6 Qd7 35. b4 axb4 36. Qxb4 Qxd6 37. a5 bxa5 38. Qxa5 Rc7 39. Qa8 Ne6 40. Rd3 Nd4 41. Ra3 Qc6 42. Qxc6 Rxc6 43. Ra7+ Kf8 44. Bd3 f5 45. Kg2 e4 46. Bf1 Ne6 47. Be2 Rd6 48. Kf1 Rd2 49. Ke1 Rc2 50. Ra6 Nd4 51. Bd1 Rxc4 52. Rxg6 Rc1 53. Kd2 Ra1 54. Rg5 Ra2+ 55. Ke3 Ra4 56. Bxh5 Ke7 57. Bg6 Kf6 58. Be8 Ke5 59. Bxa4 Ne6 60. Bb3 Nc5 61. Bc2 Ne6 62. Bxe4 Kf6 63. Rxf5+ Kg7 64. f4 1-0

[Event "Titled Tuesday intern op 23rd Jan Late"]
[Site "Chess.com INT"]
[Date "2024.01.23"]
[Round "1"]
[White "Maze, Sebastien"]
[Black "Jazdanovs, Aleksandrs"]
[Result "1-0"]
[WhiteElo "2548"]
[BlackElo "2046"]
[PlyCount "63"]
[EventDate "2024.01.23"]
[EventType "swiss (blitz)"]
[EventRounds "11"]
[EventCountry "USA"]
[SourceTitle "CBM 218 Extra"]
[Source "ChessBase"]
[SourceDate "2024.03.31"]
[SourceVersion "1"]
[SourceVersionDate "2024.03.31"]
[SourceQuality "1"]

1. e4 c5 2. Nf3 d6 3. Bb5+ Bd7 4. Bxd7+ Qxd7 5. 0-0 Nc6 6. Re1 g6 7. c3 Bg7 8. d4 cxd4 9. cxd4 e6 10. Nc3 Nge7 11. d5 Ne5 12. Nd4 exd5 13. exd5 0-0 14. Bg5 Nf5 15. Nxf5 Qxf5 16. Be7 Rfe8 17. Bxd6 Nd3 18. Rxe8+ Rxe8 19. Qf3 Qxf3 20. gxf3 Nxb2 21. Nb5 a6 22. Nc7 Rd8 23. Be7 Rd7 24. d6 Bf8 25. Nd5 Rxd6 26. Bxd6 Bxd6 27. Rb1 Be5 28. f4 Bd4 29. Kg2 b5 30. Nc7 b4 31. Nxa6 Bc3 32. Nxb4 1-0